=LDR 00000nam 2200000 4500 =001 INLIS000000000054234 =005 20200108093251 =035 ##$$a 0010-0120000012 =007 ta =008 200108###########################0#ind## =020 ##$$a 978-602-262-943-6 =082 ##$$a 899.221 2 =084 ##$$a 899.221 2 MUN a =100 #$$a Munaris =245 1#$$a Apresiasi Puisi /$c Munaris =260 ##$$a Yogyakarta :$b Graha Ilmu,$c 2018 =300 ##$$a viii, 82 hlm. ; $c 24 Cm. =650 ##$$a Puisi Indonesia-Apresiasi =700 #$$a Khoeratun Nisa =504 ##$$a Bibliografi: hlm. 81-82 =990 ##$$a 00450045 =990 ##$$a 21900529 =990 ##$$a 00460046 =990 ##$$a 00460046 =990 ##$$a 00460046 =990 ##$$a 21900530 =990 ##$$a 21900529 =990 ##$$a 1202000047 =990 ##$$a 1202000048 =990 ##$$a 21900531 =990 ##$$a 21900529 =990 ##$$a 21900530 =990 ##$$a 1202000048 =990 ##$$a 21900532 =990 ##$$a 21900529 =990 ##$$a 21900530 =990 ##$$a 21900531